000 00483nam a2200181Ia 4500
008 090124s9999 xx 000 0 und d
082 _b41848
100 _aJANECZKO PAUL B
245 _aLOADS OF CODES AND SECRET CIPHERS
250 _a0
260 _bDRAGON GRAFTON BOOKS
_c1984
300 _a127
600 _aJANECZKO PAUL B
630 _aLOADS OF CODES AND SECRET CIPHERS
700 _aJANECZKO PAUL B
730 _aLOADS OF CODES AND SECRET CIPHERS
942 _cBOOK
999 _c108144
_d108144